| 000 | 00780 a2200265 4500 | ||
|---|---|---|---|
| 999 |
_c32069 _d32069 |
||
| 003 | OSt | ||
| 005 | 20260117130142.0 | ||
| 008 | 260117b ||||| |||| 00| 0 eng d | ||
| 020 | _a978-93-5573-486-0 | ||
| 040 | _c. | ||
| 082 |
_a658.4033 _bA5451 |
||
| 100 |
_95225 _aAnderson, David R. |
||
| 245 |
_aQuantitative Methods for Business / _cby David R. Anderson et al. |
||
| 250 | _a13th ed. | ||
| 260 |
_bCengage Learning India pvt ltd, _aDelhi : _c2013. |
||
| 300 | _a914 p. | ||
| 650 | 0 |
_95300 _aBusiness Management |
|
| 700 |
_95499 _aSweeney, Dennis J. |
||
| 700 |
_95500 _aWilliams, Thomas A. |
||
| 700 |
_95501 _aCamm, Jeffrey D. |
||
| 700 |
_95502 _aCochran, James J. |
||
| 700 |
_96515 _aFry Michael J. |
||
| 700 |
_96516 _aOhlmann, Jeffrey W. |
||
| 942 |
_2ddc _cBK |
||